000 00611nam a2200229Ia 4500
003 OSt
005 20221006165224.0
006 a|||||r|||| 00| 0
007 ta
008 221006b |||||||| |||| 00| 0 hin d
024 _a5,623
037 _cTextual
040 _aFML
_cFML
_bhin
041 _2hin
_ahin
082 _aNW44, Q1
100 _aSharma Naval Kishore Au.
_9679359
245 0 _aHindi Cinema
_b Kal Aaj
260 _aAjmer
_bChavi Publication India
_c2011
300 _a216
_ccm.
942 _hNW44, Q1
_cTEXL
_2CC
999 _c1120055
_d1120055